000 00388pab a2200145 454500
008 180718b1989 xxu||||| |||| 00| 0 eng d
100 _aNariman, Fali
245 _aFreedom of speech and vlasphemy the laws in India and U.K.
260 _c1989
300 _a53-6
362 _aJune
650 _aCivil Liberties
773 _aReview of International Commission of Jurists
909 _a5632
999 _c5632
_d5632